000 00741cam a22002413a 4500
001 15600
003 PGUSA
005 20140828083332.0
008 050411s2005||||xxu|||||s|||||000 1 eng d
040 _aPGUSA
_beng
042 _adc
050 4 _aPS
100 1 _aStein, Gertrude,
_d1874-1946
245 1 0 _aMatisse Picasso and Gertrude Stein :
_bWith Two Shorter Stories
_h[electronic resource] /
_cGertrude Stein
260 _bProject Gutenberg,
_c2005
505 0 _aA long gay book -- Many many women -- G.M.P.
506 _aPublic domain in the USA.
516 _aElectronic text
653 _aExperimental fiction, American
830 0 _aProject Gutenberg
_v15600
856 4 0 _uhttp://www.gutenberg.org/ebooks/15600
942 _cEB
999 _c244855
_d244855